Acteurs de la série de films "Les Gendarmes" - Statistiques

Statistiques générales
  • Ce quiz a été pris 26 fois
  • Le résultat moyen est 6 sur 12
Statistiques - réponses
Films Personnage Acteur % Correct
1-6 Ludovic Cruchot Louis de Funès
100%
1-6 Jérôme Gerber Michel Galabru
96%
1-4 Lucien Fougasse Jean Lefebvre
75%
1-6 Berlicot Michel Modo
58%
3, 4, 6 Josépha Cruchot Claude Gensac
54%
1-6 Tricard Guy Grosso
54%
1-4 Albert Merlot Christian Marin
42%
1-3 Nicole Cruchot Geneviève Grad
42%
5, 6 Beaupied Maurice Risch
33%
6 Perlin Patrick Préjean
33%
1-6 soeur/mère Clotilde France Rumily
21%
5 Taupin Jean-Pierre Rambal
17%
Aucun quiz correspondant
Distribution des résultats
% des personnes avec chaque résultat
Percentile par nombre de réponses
Votre historique - résultats
Vous n’avez pas pris ce quiz